Регионална библиотека "Любен Каравелов" - Русе

Малкото северно еленче (Запис номер 145439)

MARC детайли
000 -Лидер
Контролно поле с фиксирана дължина 01492nam a2200397 c 4500
003 - Код на организацията, давaща контролен номер
Контролно поле BLK
005 - Дата и час на последна редакция
Контролно поле 20250606171413.0
008 - Елементи от данни с фиксирана дължина
fixed length control field 180410b bul|||||r ||||||| ||bul||
010 ## - Наследен системен номер
LC control number KNG00151612000
020 ## - Международен стандартен номер на книга ISBN
Международен стандартен номер на книга ISBN 978-954-8999-11-3
040 ## - Източник на каталожния запис
Идентификатор на билиотеката - собственик на записа BLK
041 ## - Код за език
Код за езика на текст/звукозапис или на отделно заглавие Български
Код за езика КДБФ Български
072 #7 - Код за тематичната категория
Код организация bullib
Код за тематична категория Н85
Текст Детска художествена литература Н
080 ## - УДК
Текстов определител УДК Английска литература
УДК код - определител по УДК 821.111
УДК определител -93-34
УДК - код + определител 821.111-93-34
100 1# - Редна дума - Автор
Автор Репчук, Каролин
Авторска отговорност първи автор
R(LIN) 115938
139 ## - Редно поле
Редна дума Репчук, Каролин
Авторски знак Реп - Р 53
245 10 - Сведения за заглавието
Заглавие Малкото северно еленче
Редно поле (дума) Каролин Репчук; ил. Стефани Боуи; прев. от англ. Делян Илиев.
257 ## - Страна на издаване
Страна на създаване/издаване Великобритания
260 ## - Област на издателските данни
Име на издателя, разпространителя и проч. Атеа Букс
Година на издаване 2010
Печатница София : ПК Д. Благоев
300 ## - Физическа характеристика
Страници 24 с.
Илюстрации и др. с ил.
Размери/Мащаб 21Х21 см
380 ## - Жанр
Жанр Детска худож. лит.
500 ## - Общи забележки
Забележка Ориг. загл. The Little Reindeer / Caroline Repchuk.
653 ## - Ключова дума – ненормативна
Ключова дума приказки
653 ## - Ключова дума – ненормативна
Ключова дума детска литература
653 ## - Ключова дума – ненормативна
Ключова дума литература за деца
659 ## - Тематичен бюлетин
Тематичен бюлетин Н
700 1# - Други автори (авторска отговорност)
Лично име Боуи, Стефани
Автороска отговорност (Описва отношението между автора и произведението) ил.
9 (RLIN) 328716
700 1# - Други автори (авторска отговорност)
Лично име Илиев, Делян
Автороска отговорност (Описва отношението между автора и произведението) прев. от англ.
9 (RLIN) 375147
852 ## - Местоположение
Форматна сигнатура Цб 265289
856 4# - Електронен адрес и достъп
Електронен формат pdf - файл
856 4# - Електронен адрес и достъп
Електронен формат pdf - файл
999 ## - СИСТЕМНИ КОНТРОЛНИ НОМЕРА
Koha biblionumber 145439
Koha biblioitemnumber 145439
942 ## - АРТИКУЛИ
Вид на библиотечния материал Книги
Скрит в OPAC Не
Koha issues (borrowed), all copies 34
944 ## - СЪЗДАВАНЕ И РЕДАКЦИЯ на ЗАПИСА
Създаване/Редакция Създаване
Дата на регистрацията/редакция 09.10.2013
Статус, дата на статуса Грета Цуфелде
Служител, извършил регистрацията/редакцията 30537
944 ## - СЪЗДАВАНЕ И РЕДАКЦИЯ на ЗАПИСА
Създаване/Редакция Редакция
Дата на регистрацията/редакция 22.05.2014
Статус, дата на статуса ф /
999 ## - СИСТЕМНИ КОНТРОЛНИ НОМЕРА
Koha biblioitemnumber 145439
Наличности
Код за отписване Код за изгубен артикул Код за повреда Коз за рестрикции Код за отдаване Артикулен № Име на библиотеката - собственик Име на библиотеката, в която се намира в момента Статус (Текущо местоположение) Дата на вписване в системата Местоположение - отдел Цена в лева Инвентарен номер Систематично азбучна сигнатура Баркод Номер на екземпляра Цена в евро Служебна бележка Служебен тип на артикула Източник на класификационната схема
  Не е изгубен Не е повреден без рестрикции ползва се в читалня 241490 Регионална библиотека "Любен Каравелов" Русе Регионална библиотека "Любен Каравелов" Русе Хранилище 2013-10-15 Хранилище 8.60 120000770393 Цб 265289 120000770393 1 4.40 Дост: Dp Вид: Д N: 33 Дата: 13.08.2012 Книги  
  Не е изгубен Не е повреден без рестрикции заемане за дома 689745 Регионална библиотека "Любен Каравелов" Русе Регионална библиотека "Любен Каравелов" Русе Детски отдел 2019-02-19 Детски отдел 14.90   ДХ 820/899/Р 53 120000830223   7.62   Книги Universal Decimal Classification
  Не е изгубен Не е повреден   заемане за дома 737240 Регионална библиотека "Любен Каравелов" Русе Регионална библиотека "Любен Каравелов" Русе Детски отдел 2019-09-09 Детски отдел 8.40   ДХ 820/899/Р 53 120000836056   4.29   Книги Universal Decimal Classification
  Не е изгубен Не е повреден   заемане за дома 737241 Регионална библиотека "Любен Каравелов" Русе Регионална библиотека "Любен Каравелов" Русе Детски отдел 2019-09-09 Детски отдел 8.40   ДХ 820/899/Р 53 120000836057   4.29   Книги Universal Decimal Classification
Vip Innovations Ltd, Rousse, Bulgaria 2025